Guía de orientación para padres de personas con deficiencia mental
Saved in:
| Hovedforfatter: | |
|---|---|
| Andre forfattere: | , |
| Format: | Bog |
| Sprog: | spansk |
| Udgivet: |
Madrid
FEAPS
1997
|
| Udgivelse: | Segunda edición |
| Fag: | |
| Tags: |
Tilføj Tag
Ingen Tags, Vær først til at tagge denne postø!
|
MARC
| LEADER | 00000nam a2200000 a 4500 | ||
|---|---|---|---|
| 001 | UCR6155 | ||
| 003 | CL-VaPUC | ||
| 005 | 20221021074608.0 | ||
| 008 | 980420e19970000SP |||||||||||||||||spa|d | ||
| 999 | |c 268458 |d 268456 | ||
| 040 | |c Pontificia Universidad Católica de Valparaíso | ||
| 082 | 0 | 4 | |a 371.91 LAC 1997 |
| 100 | |a Lacasta, Juan José |9 407329 | ||
| 245 | 1 | 0 | |a Guía de orientación para padres de personas con deficiencia mental |
| 250 | |a Segunda edición | ||
| 260 | |a Madrid |b FEAPS |c 1997 | ||
| 300 | |a 31 p | ||
| 583 | |a last modification |c 19980420 00:00:00 |k Rodrigo Vera | ||
| 650 | 0 | |a Educación especial |9 307486 | |
| 650 | 7 | |a NIÑOS MINUSVALIDOS |2 CL-VaPUC |9 309747 | |
| 650 | 0 | |a Educación en el hogar |9 307975 | |
| 650 | 0 | |a Derecho a la educación |9 307987 | |
| 700 | |a Martinéz, Matías |9 719815 | ||
| 700 | |a Álvarez, María Jesús |9 719816 | ||
| 942 | |c BK |2 ddc | ||
| 945 | |d 19980420 00:00:00 |a rbrito | ||
| 952 | |0 0 |1 0 |4 0 |6 371_910000000000000_LAC_1997 |7 0 |8 P |9 301618 |a BIBEDU |b BIBEDU |c BIBEDU_PB |d 2019-11-20 |i 3405052 |o 371.91 LAC 1997 |p 3405052 |r 2024-01-25 |w 2019-11-20 |y BK |k EPE | ||